000 00443nam a2200133Ia 4500
008 220217s9999||||xx |||||||||||||| ||und||
020 _a9788186340615
082 _a621.381 CHA
100 _aChadha, Prema R and Chadha, Saria
_99337
245 0 _aQuestion bank in electronics and communication engineering
260 _aGalgotia publications pvt. ltd.
_bNew Delhi
_c2014
300 _aXII, 974p.
_b475
650 _aEXAM BOOKS/GRE/CAT/GATE
999 _c185413
_d185413